Devinez le pays par images de monuments - Statistiques

Statistiques générales
  • Ce quiz a été pris 111 fois
  • Le résultat moyen est 10 sur 18
Statistiques - réponses
Par images Hint Réponse % Correct
Statue Egypte
100%
Sanctuaire Japon
96%
Opéra Australie
93%
Mémorial Etats-Unis
88%
Site archéologique Pérou
79%
Tour Emirats arabes unis
76%
Basilique Vatican
68%
Cathédrale Allemagne
66%
Basilique, Mosquée Turquie
66%
Temples Cambodge
65%
Jardin Singapour
53%
Palais Espagne
39%
Château Royaume-Uni
33%
Cathédrale Ukraine
29%
Palais Pologne
25%
Statue Sénégal
25%
Tour Nouvelle-Zélande
9%
Cité royale Bénin
6%
Aucun quiz correspondant
Distribution des résultats
% des personnes avec chaque résultat
Percentile par nombre de réponses
Votre historique - résultats
Vous n’avez pas pris ce quiz